Mzdové veličiny od 1.1.2019

Minimálna mzda a minimálne mzdové nároky na rok 2019. Príplatky - mzdové zvýhodnenia na rok 2019. Životné minimum od 1.1.2019. Základ dane z príjmov fyzických osôb na rok 2019. Daňový bonus na dieťa. Poistné na sociálne poistenie. Preddavky na verejné zdravotné poistenie. Nemocenské dávky zamestnanc...

Descrizione completa

Salvato in:
Dettagli Bibliografici
Autore principale: Danajovičová, Katarína
Natura: Capitolo di libro
Lingua:slovacco
Soggetti:
Tags: Aggiungi Tag
Nessun Tag, puoi essere il primo ad aggiungerne!!

MARC

LEADER 00000naa a2200000 4500
001 0249486
005 20181211145151.7
041 0 |a slo 
044 |a SK 
245 1 0 |a Mzdové veličiny od 1.1.2019  |c Katarína Danajovičová 
520 |a Minimálna mzda a minimálne mzdové nároky na rok 2019. Príplatky - mzdové zvýhodnenia na rok 2019. Životné minimum od 1.1.2019. Základ dane z príjmov fyzických osôb na rok 2019. Daňový bonus na dieťa. Poistné na sociálne poistenie. Preddavky na verejné zdravotné poistenie. Nemocenské dávky zamestnanca. Sumy stravného. Cestovné náhrady. Exekučné zrážky. 
610 2 0 |a mzdy minimálne 
610 2 0 |a minimum existenčné 
610 2 0 |a príplatky 
610 2 0 |a poistenie sociálne 
610 2 0 |a poistenie zdravotné 
610 2 0 |a základ dane 
610 2 0 |a poistné 
610 2 0 |a dávky poistenia nemocenského 
610 2 0 |a zákonník práce 
100 1 |a Danajovičová, Katarína